Conversaciones con Foucault: pensamientos, obras, omisiones del último maitre-a- penser
Salvato in:
| Autore principale: | |
|---|---|
| Natura: | Libro |
| Lingua: | spagnolo |
| Pubblicazione: |
Buenos Aires
Amorrortú
2010
|
| Edizione: | 1a. ed |
| Serie: | Nómadas
|
| Soggetti: | |
| Tags: |
Aggiungi Tag
Nessun Tag, puoi essere il primo ad aggiungerne!!
|
MARC
| LEADER | 00000cam a2200000 a 4500 | ||
|---|---|---|---|
| 001 | UCD8799 | ||
| 003 | CL-VaPUC | ||
| 008 | 170527e20100000ag |||||||||||||||||spa|d | ||
| 020 | |a 9789505183890 | ||
| 082 | 0 | 4 | |a 194 |b TRO |2 21 |
| 100 | 0 | |a Trombadori, Duccio |e author |9 592309 | |
| 245 | 1 | 0 | |a Conversaciones con Foucault: pensamientos, obras, omisiones del último maitre-a- penser |
| 250 | |a 1a. ed | ||
| 300 | |a 168 p | ||
| 942 | |c BK | ||
| 945 | |d 20170527 00:32:00 |a dcastane | ||
| 260 | |a Buenos Aires |b Amorrortú |c 2010 | ||
| 600 | 0 | |a Foucault, Michel |9 257945 | |
| 650 | 0 | |a Filosofía francesa |9 255698 | |
| 650 | 0 | |a Estructuralismo |9 265696 | |
| 650 | 0 | |a Filósofos franceses |9 314621 | |
| 583 | |a last modification |c 20170527 00:32:00 |k Rodrigo Vera | ||
| 490 | 0 | |a Nómadas | |
| 999 | |c 368107 |d 368105 | ||
| 952 | |0 0 |1 0 |3 erb |4 0 |6 194_000000000000000_TRO_2010 |7 0 |8 A |9 483366 |a BIBEDU |b BIBEDU |i 5377625 |o 194 TRO 2010 |p 5377625 |r 2019-11-24 |w 2019-11-24 |y BK |z Catalogado en:20170527 |k FIL | ||